00348nam a2200133Ia 4500008004100000020001500041041001200056082001600068100001400084245006700098260003300165300000900198650000700207221030s9999 xx 000 0 und d a8174090398 aEnglish a105.23bPra aR. Prasad 0aElectrical Measurements & Measuring Instruementscby R. Prasad bKhanna Pub.aNew Delhic2001 a1028 aEE